| 000 | 00993cab a2200253 4500 | ||
|---|---|---|---|
| 001 | WB3521-26 | ||
| 008 | 090401t1999 xxu||||| |||| 00| 0 eng d | ||
| 035 | _a(Sirsi) u93681 | ||
| 041 | _aeng | ||
| 245 | _aShort leases blasted | ||
| 260 | _c1999 | ||
| 350 | _a0 | ||
| 490 |
_aProperty Week _v64(21) 28 May 1999, 27(1) |
||
| 520 | _aARLA has warned letting agents that they should stop giving tenants six month leases and recognise that more tenants want to live in rented properties for a long time. ARLA is keen to promote assured longhold tenancies where the tenant is responsible for interior decoration and repairs but pays a discounted rent. | ||
| 650 | _aARLA | ||
| 650 | _aASSURED LONGHOLD TENANCIES | ||
| 650 | _aASSURED SHORTHOLD TENANCIES | ||
| 650 | _aBUY-TO-LET | ||
| 650 | _aLETTING AGENTS | ||
| 650 | _aRESIDENTIAL LETTINGS | ||
| 690 | _aPROPERTY-RESIDENTIAL PROPERTY-RESIDENTIAL LANDLORD AND TENANT-RESIDENTIAL TENANCIES | ||
| 942 | _n0 | ||
| 948 | _c02/06/1999 | ||
| 999 |
_c59378 _d59378 |
||